000 00402nam a2200145Ia 4500
999 _c10593
_d10593
003 OSt
005 20220408155049.0
008 220318s9999 xx 000 0 und d
020 _a9783869226132
082 _a720.103094
100 _a PÄlsson, Karsten
245 0 _aPublic spaces and urbanity : construction and design manual : how to design humane cities
260 _aDom Publishing
942 _2ddc